000 00636nam a2200193 a 4500
001 000010604
005 20240412074219.0
008 091008s1988 dr 000 p spa d
040 _aDO-SdBNP
_bspa
_cBNPHU
082 _aRD861.44
_bP349b
100 1 _aPeña Jiménez, Félix,
_d1954-
_925683
245 1 0 _aBiografía de un nuevo amanecer /
_cFélix Peña Jiménez.
260 _aSanto Domingo :
_bEditora Universitaria -UASD-,
_c1988.
300 _a98 p. ;
_c20 cm.
500 _aIncluye datos biográficos del autor en la contracubierta.
650 0 _aPoesía dominicana
_966
650 0 _aLiteratura dominicana.
_967
049 _aBNPD
999 _c10362
_d10362